Ösztönző mechanizmusok a carsharing használat növelésére

Bibliográfiai részletek
Szerző: Nagy Andor György
További közreműködők: Taralik Krisztina
Dokumentumtípus: Diplomadolgozat
Kulcsszavak:carsharing
customer loyalty
fogyasztói magatartás
gamification
Ösztönző mechanizmusok
Sharing Economy
Városi mobilitás
Online Access:http://dolgozattar.uni-bge.hu/59845

MARC

LEADER 00000nta a2200000 i 4500
001 dolg59845
005 20260409145637.0
008 260409suuuu hu om 000 hun d
040 |a BGE Dolgozattár Repozitórium  |b hun 
041 |a hu 
100 1 |a Nagy Andor György 
245 1 0 |a Ösztönző mechanizmusok a carsharing használat növelésére  |c Nagy Andor György  |h [elektronikus dokumentum] 
520 3 |a Szakdolgozatom a fenntartható városi közlekedés egyik fontos innovációját, az autómegosztó szolgáltatásokat, azon belül is a GreenGo e-carsharing működését és felhasználói szokásait vizsgálja. A carsharing rendszerek jelentős hatással vannak a városi mobilitás környezetbarátabbá tételére, ugyanakkor további elterjedésükhöz kulcsfontosságú a felhasználói élmény és motiváció mélyebb megértése. Kutatásom célja annak feltárása, hogy a GreenGo különböző díjcsomagjait használó ügyfelek milyen ösztönzők és gamifikációs elemek iránt mutatnak érdeklődést, illetve milyen tényezők befolyásolják a szolgáltatás rendszeres használatát.Kérdőíves adatfelvétellel vizsgáltam az ügyfelek preferenciáit, az ösztönzők ismertségét, valamint a különböző korcsoportok sajátos igényeit. Az eredmények hozzájárulhatnak olyan fejlesztési irányok kijelöléséhez, amelyek elősegítik a carsharing integrációját a városi közlekedés mindennapjaiba és támogatják a fenntartható mobilitási célokat. 
695 |a carsharing 
695 |a customer loyalty 
695 |a fogyasztói magatartás 
695 |a gamification 
695 |a Ösztönző mechanizmusok 
695 |a Sharing Economy 
695 |a Városi mobilitás 
700 1 |a Taralik Krisztina  |e ths 
856 4 0 |u http://dolgozattar.uni-bge.hu/59845/1/%C3%96szt%C3%B6nz%C5%91%20mechanizmusok%20a%20carsharing%20haszn%C3%A1lat%20n%C3%B6vel%C3%A9s%C3%A9re.pdf  |z Dokumentum-elérés 
856 4 0 |u http://dolgozattar.uni-bge.hu/59845/2/Nagy%20Andor%20Gy%C3%B6rgy.pdf  |z Dokumentum-elérés 
856 4 0 |u http://dolgozattar.uni-bge.hu/59845/3/Nagy%20Andor%20BA%20KM%20magyar%20b%C3%ADr%C3%A1lati%20lap%20BELS%C5%90.pdf  |z Dokumentum-elérés